000 01233nam a2200253Ia 4500
003 Ost
005 20260507075708.0
008 260507s9999||||xx |||||||||||||| ||und||
020 _a9789957647025
040 _cfsecg
041 _aara
082 _a658.834
100 _aحواس،مولود عبد العزيز
_eمؤلف
245 0 _aالمقدمة في سلوك المستهلك /
_cمولود عبد العزيز حواس
260 _aعمان:
_bدار أسامة;نبلاء ناشرون و موزعون,
_c2018
300 _a264 صفحة؛
_bإيضاحات ؛
_c24 سم
504 _aهوامش
520 _aماهية سلوك المستهلك،المستهلك و أدواء الشراء،أنواع القرارات الشرائية، العوامل النفسية المؤثرة على قرار الشراء، العوامل البيئية المؤثرة على قرار الشراء، مراحل عملية اتخاذ القرار الشرائي، أهم النماذج المفسرة لسلوك المستهلك.
653 _aالشراء
653 _aالمستهلكون
653 _aسلوك المستهلك
700 _aألبز، كلثوم يوسف
_eمؤلف ثانوي
942 _cكتاب
999 _c45878
_d45878